000 00390nam a2200169Ia 4500
001 23222
003 IN-NITTTR
005 20251114233301.0
008 251113s9999||||xx |||||||||||||| ||eng||
040 _beng
040 _cIN-NITTTR
041 _aeng
082 _a363.7 B22E
100 _aBanerji, Samir K.
245 0 _aEnvironmental chemistry /
_cBanerji, Samir K.
942 _2ddc
_cBK
999 _c25851
_d25851